00286pam a2200109 a 4500020000500000041000500005100002400010245006600034260003800100300001200138700002600150 c h aCoddington, Earl A. aTheory Of Ordinary Differeential EquationshTextual Documents aNew DelhibTata McGraw Hillc2011 a429 pg. aCoddington, Levinson.